000 00812nam a2200265Ia 4500
003 OSt
005 20220925223432.0
006 a|||||r|||| 00| 0
007 ta
008 220923b |||||||| |||| 00| 0 eng d
020 _a9780415370974
_c1970.09
037 _bBBS/103, 15/10/2007, Better Book Service
_cGeneral Book
040 _aRTL
_cRTL
_beng
041 _2eng
_aeng
082 _aX:51, P7
100 _aStone Marilyn A
_9289171
245 0 _aFundamentals of marketing
260 _aLondon
_bRoutledge
_c2007
300 _axxiv, 480p
_ccm.
500 _aBibliography Chapterwise
650 _aCommerce
700 _a Desmond John
_9289703
942 _hX:51, P7
_cGB
_2CC
999 _c579592
_d579592